000 00589nam a2200205 a 4500
999 _c7853
_d7853
003 PK-NaQUE
005 20250722140132.0
008 250722b ||||| |||| 00| 0 eng d
020 _a1852930799 (hardcover)
020 _a9781852930790 (hardcover)
040 _cQUEST
100 1 _aLyons, T J
245 1 0 _aPrinciples of Air Pollution Meteorology
260 _a[S.l.] :
_bJohn Wiley and Sons Ltd,
_c1992.
300 _a1 v. (unpaged)
650 _aAir Pollution
650 _aMeteorology
856 4 0 _uhttp://10.10.170.122:8080/browse/book/27902
_yDownload eBook
942 _cBK
_2ddc